LDR 00859naa#a2200169#i#450# 001 RU\INFRA-M\bibl\126097 005 20260704151325.6 011 ## _a1998-0728 100 ## _a20260618b2026####ek#y0rusy0150####ca 102 ## _aRU 200 1# _aОбучение младших школьников навыкам смыслового чтения: от теории к практике _eЖурнальная статья 210 1# _aМосква _cОбщество с ограниченной ответственностью «Научно-издательский центр ИНФРА-М» _d2026 215 ## _a5 с. 608 ## _aЖурнальная статья _2local 675 ## _aПервая ступень обучения. Начальная школа. 373.3 _aРазвивающее обучение. 371.315.5 _z 700 #1 _aСоболева _gО. В. 856 4# _azh-szf.ru _u